00418nam a2200145Ia 4500003000400000005001700004008004100021040000900062082001500071100002600086245004300112260006700155300000900222650004100231OSt20200515090739.0190216s9999||||xx |||||||||||||| ||und|| coclc a297bKID/W aKidwai, Mohammad Asif 0aWhat Islam Is? /cMohammad Asif Kidwai bAcademy Of Islamic Research And Publications,c1979.aLucknow: a157p 0aHistory & geographyvIslamic History